000 00514nam a2200181Ia 4500
008 240729s9999 xx 000 0 und d
022 _a0975-1068
245 0 _aIndian Journal of Traditional Knowledge
260 _aIndia
260 _bCSIR-NIScPR
650 _a Homeopathy
650 _a Miscellaneous systems and treatments | Medicine
650 _a Other systems of medicine
650 _aMedicine
856 _uhttps://doaj.org/toc/30218393c9454c50b7b5b7aaf321f560
942 _2ddc
942 _cDOAJEJ
999 _c72879
_d72879
945 _a1
_bMadushi Gamage
_c1
_dMadushi Gamage